Eat not this flesh, (Record no. 5440)
[ view plain ]
| 000 -LEADER | |
|---|---|
| fixed length control field | 00576cam a2200217u 4500 |
| 001 - CONTROL NUMBER | |
| control field | 8432614 |
| 003 - CONTROL NUMBER IDENTIFIER | |
| control field | GBCCL |
| 005 - DATE AND TIME OF LATEST TRANSACTION | |
| control field | 20241126110542.0 |
| 008 - FIXED-LENGTH DATA ELEMENTS--GENERAL INFORMATION | |
| fixed length control field | 820519s1961 wiu 000 0 eng |
| 010 ## - | |
| -- | 61013937 |
| 040 ## - CATALOGING SOURCE | |
| Original cataloging agency | DLC |
| Transcribing agency | CarP |
| Modifying agency | DLC |
| 050 00 - | |
| -- | GN407 |
| -- | .S5 |
| 082 ## - DEWEY DECIMAL CLASSIFICATION NUMBER | |
| Classification number | 394.16 |
| Item number | SIM |
| 100 1# - MAIN ENTRY--PERSONAL NAME | |
| Personal name | Simoons, Frederick J. |
| 9 (RLIN) | 9777 |
| 245 10 - TITLE STATEMENT | |
| Title | Eat not this flesh, |
| 260 ## - PUBLICATION, DISTRIBUTION, ETC. | |
| Place of publication, distribution, etc. | Madison, |
| Name of publisher, distributor, etc. | University of Wisconsin Press, |
| Date of publication, distribution, etc. | 1961. |
| 650 #0 - SUBJECT ADDED ENTRY--TOPICAL TERM | |
| Topical term or geographic name entry element | Food habits. |
| 9 (RLIN) | 9778 |
| 650 #0 - SUBJECT ADDED ENTRY--TOPICAL TERM | |
| Topical term or geographic name entry element | Meat. |
| 9 (RLIN) | 9779 |
| 906 ## - LOCAL DATA ELEMENT F, LDF (RLIN) | |
| a | 0 |
| b | cbc |
| c | premunv |
| d | u |
| e | ncip |
| f | 19 |
| g | y-gencatlg |
| 942 ## - ADDED ENTRY ELEMENTS (KOHA) | |
| Source of classification or shelving scheme | Dewey Decimal Classification |
| Koha item type | Books |
| Withdrawn status | Lost status | Source of classification or shelving scheme | Damaged status | Not for loan | Home library | Current Library | Shelving location | Date acquired | Total checkouts | Full call number | Barcode | Date last seen | Copy number | Price effective from | Koha item type |
|---|---|---|---|---|---|---|---|---|---|---|---|---|---|---|---|
| Dewey Decimal Classification | GRACE BIBLE COLLEGE | GRACE BIBLE COLLEGE | General Studies | 2018-03-19 | 394.16 SIM | 008711 | 2025-05-01 | c.1 | 2018-03-19 | Books |